Online
Catalog

Geografía de América / (Record no. 26213)

MARC details
000 -CABECERA
campo de control de longitud fija 00473nam a2200157 a 4500
001 - NÚMERO DE CONTROL
campo de control 000026721
005 - FECHA Y HORA DE LA ÚLTIMA TRANSACCIÓN
campo de control 20200930030355.0
008 - DATOS DE LONGITUD FIJA--INFORMACIÓN GENERAL
campo de control de longitud fija 110324s1966 dr ac r 000 0 spa d
040 ## - FUENTE DE LA CATALOGACIÓN
Centro catalogador/agencia de origen DO-SdBNP
Lengua de catalogación spa
Centro/agencia transcriptor BNPHU
082 ## - NÚMERO DE LA CLASIFICACIÓN DECIMAL DEWEY
Número de clasificación xxx
Número de documento/Ítem M519
100 1# - ENTRADA PRINCIPAL--NOMBRE DE PERSONA
Nombre de persona Melero Bandallo, Vicente
9 (RLIN) 53826
245 10 - MENCIÓN DE TÍTULO
Título Geografía de América /
Mención de responsabilidad, etc. Vicente Melero Bandallo.
260 ## - PUBLICACIÓN, DISTRIBUCIÓN, ETC.
Lugar de publicación, distribución, etc. Santo Domingo :
Nombre del editor, distribuidor, etc. Disesa,
Fecha de publicación, distribución, etc. [19--?].
300 ## - DESCRIPCIÓN FÍSICA
Extensión 156 p. :
Otras características físicas il., retr. ;
Dimensiones 27 cm.
590 ## - NOTA LOCAL (RLIN)
Nota local Inventariado, 2018/BT
Holdings
Estado de retiro Estado de pérdida No para préstamo Código de colección Localización permanente Ubicación/localización actual Ubicación en estantería Fecha de adquisición Número de inventario Total de préstamos Signatura topográfica completa Código de barras Fecha visto por última vez Precio válido a partir de Tipo de ítem Koha Número de copia Nota pública
    Excluido de préstamo Patrimonio Dominicano Patrimonio Dominicano Patrimonio Dominicano Depósito 24.03.2011 LF1   xxx M519 26721-10 25.06.2020 25.06.2020 Libro y Folleto Colección Patrimonio Dominicano    
    Excluido de préstamo Patrimonio Dominicano Patrimonio Dominicano Patrimonio Dominicano Depósito 30.08.2018 LF1   xxx M519 26721-20 25.06.2020 25.06.2020 Libro y Folleto Colección Patrimonio Dominicano e. 2 Perteneció a la biblioteca personal de Barbara Suncar.

Powered by Koha